Los censos en la iglesia colonial venezolana: sistema de préstamos a interés

Uloženo v:
Podrobná bibliografie
Hlavní autor: Troconis de Veracoeechea, Ermila (Autor)
Médium: Kniha
Jazyk:španělština
Vydáno: Caracas Fuentes para la Historia Colonial de Venezuela 1982
Edice:Biblioteca de la Academia Nacional de la Historia, 153, 154, 155
Témata:
Tagy: Přidat tag
Žádné tagy, Buďte první, kdo vytvoří štítek k tomuto záznamu!

MARC

LEADER 00000nam a2200000 a 4500
001 UCS8692
003 CL-VaPUC
008 971107e19820000VE |||||||||||||||||spa|d
082 0 4 |a 278.7  |b TRO  |2 21 
100 0 |a Troconis de Veracoeechea, Ermila  |e author  |9 393497 
245 1 4 |a Los censos en la iglesia colonial venezolana: sistema de préstamos a interés 
300 |a 3 v 
942 |c BK 
945 |d 19971107 00:00:00  |a cmena 
260 |a Caracas  |b Fuentes para la Historia Colonial de Venezuela  |c 1982 
650 0 |a Iglesia   |9 255004 
650 0 |a Historia venezolana  |9 393448 
650 0 |a Doctrina social de la iglesia  |9 257333 
650 0 |a Aspectos sociales  |9 254894 
650 0 |a Iglesia y Estado  |9 254995 
650 0 |a Aspectos económicos  |9 255165 
651 0 |a Venezuela  |9 254993 
583 |a last modification  |c 19971107 00:00:00  |k Rodrigo Vera 
490 0 |a Biblioteca de la Academia Nacional de la Historia, 153, 154, 155 
999 |c 262961  |d 262959 
952 |0 0  |1 0  |4 0  |6 278_700000000000000_TRO_1982  |7 0  |8 A  |9 292024  |a BIBDER  |b BIBDER  |d 2019-11-19  |h v.1  |i 1900277  |o 278.7 TRO 1982  |p 1900277  |r 2023-01-25  |w 2019-11-19  |y BK  |k DER 
952 |0 0  |1 0  |4 0  |6 278_700000000000000_TRO_1982  |7 0  |8 A  |9 292025  |a BIBDER  |b BIBDER  |d 2019-11-19  |h v.2  |i 1752944  |o 278.7 TRO 1982  |p 1752944  |r 2023-01-25  |w 2019-11-19  |y BK  |k DER 
952 |0 0  |1 0  |4 0  |6 278_700000000000000_TRO_1982  |7 0  |8 A  |9 292026  |a BIBDER  |b BIBDER  |d 2019-11-19  |h v.3  |i 175517K  |o 278.7 TRO 1982  |p 175517K  |r 2023-01-25  |w 2019-11-19  |y BK  |k DER